000 00499nam a2200181Ia 4500
005 20250326130242.0
008 250326s9999 xx 000 0 und d
037 _aTextbook
040 _aFMSL
_beng
_cFMSL
041 _aeng
_2eng
084 _aX8(A):8 L3
_qFMSL
100 _aSummer C E
_9740311
245 0 _aManagerial mind
_cSummer C E; Connell J J
260 _aLondon
_bLondon, Richard D Irwin
_c1973
300 _a871p
942 _cTB
_hX8(A):8 L3
999 _c1281662
_d1281662